Statistics for Biggest Trading Partners - Vietnam

Click here to take the quiz!

General Stats

  • This quiz has been taken 291 times
  • The average score is 20 of 25

Answer Stats

exportsimportscountry% Correct
44.70 bil70.45 bilChina
100%
43.77 bil10.15 bilUnited States
100%
3.11 bil5.96 bilIndia
98%
16.24 bil12.99 bilJapan
97%
5.08 bilUnited Kingdom
97%
3.33 bil2.80 bilAustralia
96%
4.99 bil1.65 bilFrance
96%
12.50 bil32.65 bilSouth Korea
96%
4.45 bil9.34 bilThailand
96%
1.37 bilRussia
95%
9.78 bil2.99 bilGermany
94%
3.23 bil3.05 bilIndonesia
93%
4.54 bil5.73 bilMalaysia
92%
3.74 bilCanada
91%
3.29 bil1.16 bilItaly
89%
3.01 bil11.35 bilSingapore
89%
1.40 bilBrazil
85%
2.75 bil9.55 bilTaiwan
85%
4.01 bil1.04 bilMexico
84%
4.36 bilNetherlands
70%
2.55 bilArgentina
64%
2.90 bilAustria
39%
1.20 bilIsrael
32%
1.12 bilEcuador
11%
3.20 bilSlovakia
6%

Score Distribution

Percentile by Number Answered

Percent of People with Each Score

Your Score History

You have not taken this quiz